| 000 | 00931nam a22002057a 4500 | ||
|---|---|---|---|
| 999 |
_c62998 _d62998 |
||
| 003 | Ge_BSU | ||
| 005 | 20250428123250.0 | ||
| 008 | 250428s2001 ge ||||| |||| 00| 0 geo d | ||
| 020 | _a9992848685 | ||
| 041 | _ageo | ||
| 080 | _a33(479.223)+911.3+316 ფ-98 | ||
| 100 |
_aფუტკარაძე, მერაბ _91496 |
||
| 245 |
_aაჭარა ეკონომიკურ - გეოგრაფიული დახასიათება / _cმერაბ ფუტკარაძე; რედ. შ. ფალავანდიშვილი. |
||
| 264 |
_aბათუმი: _bბათუმის უნივერსიტეტი, _c2001. |
||
| 300 |
_a160 გვ.: _bილ.; _c21 სმ. |
||
| 504 | _aბიბლიოგრ. 156-157 | ||
| 653 | _aაჭარა | ||
| 700 |
_aფალავანდიშვილი, შ. _eრედაქტორი _924959 |
||
| 942 |
_2udc _cᲬᲘᲒᲜᲘ |
||